NCAA Champions Starting 5 Since 2000 Quiz Stats

 Plays Quiz Updated Apr 4, 2017

Challenge
Share
Tweet
Embed
Score 0/95 Timer 07:00
2 Plays Today
Year % Correct
2006Joakim Noah
81.9%
2007Joakim Noah
81.9%
2003Carmelo Anthony
81.6%
2012Anthony Davis
74.8%
2011Kemba Walker
74.4%
2013Russ Smith
73.9%
2010Nolan Smith
71.6%
2011Roscoe Smith
71.3%
2001Jason Williams
69.6%
2005Jawad Williams
69.3%
2015Jahlil Okafor
65.2%
2007Al Horford
64.3%
2006Al Horford
64%
2015Tyus Jones
63.1%
2015Matt Jones
62.4%
2004Emeka Okafor
61.4%
2008Mario Chalmers
60.5%
2006Corey Brewer
59%
2007Corey Brewer
59%
2005Sean May
56.3%
2012Terrence Jones
55.3%
2009Tyler Hansbrough
54.7%
2017Justin Jackson
52.8%
2014Shabazz Napier
52%
2000Mateen Cleaves
50.9%
2005Raymond Felton
50.7%
2009Ty Lawson
48.8%
2001Shane Battier
48.3%
2002Juan Dixon
48.1%
2009Danny Green
45.9%
2006Taurean Green
45.8%
2007Taurean Green
45.8%
Year % Correct
2018Jalen Brunson
44.3%
2010Kyle Singler
42.9%
2012Michael Kidd-Gilchrist
42%
2013Peyton Siva
41.5%
2011Jeremy Lamb
40.8%
2003Hakim Warrick
40%
2002Steve Blake
39.3%
2004Ben Gordon
38.2%
2003Gerry McNamara
37.5%
2017Joel Berry II
36.9%
2015Justise Winslow
36%
2018Mikal Bridges
35.4%
2005Rashad McCants
34.7%
2012Doron Lamb
32.8%
2013Gorgui Dieng
32.2%
2000Morris Peterson
32.1%
2016Kris Jenkins
31.3%
2010Jon Scheyer
31%
2016Josh Hart
30.8%
2012Marquis Teague
29.5%
2008Darnell Jackson
29.2%
2009Wayne Ellington
29.3%
2001Mike Dunleavy Jr.
27.8%
2017Kennedy Meeks
27.3%
2002Chris Wilcox
26.7%
2008Brandon Rush
23.9%
2002Lonny Baxter
23.3%
2018Omari Spellman
22.9%
2016Jalen Brunson
22.7%
2010Lance Thomas
22%
2016Ryan Arcidiacono
21.2%
2004Taliek Brown
21.1%
Year % Correct
2010Brian Zoubek
20.6%
2001Chris Duhon
20.2%
2017Theo Pinson
19.9%
2015Quinn Cook
19.5%
2014Ryan Boatright
19.4%
2008Russell Robinson
17.1%
2017Isaiah Hicks
17%
2006Lee Humphrey
16.9%
2007Lee Humphrey
16.9%
2008Darrell Arthur
16.4%
2018Phil Booth
16.1%
2004Rashad Anderson
15.9%
2016Daniel Ochefu
14.8%
2000Charlie Bell
14.5%
2013Chane Behanan
14.1%
2004Josh Boone
13.8%
2009Deon Thompson
13.8%
2011Alex Oriakhi
13.7%
2013Wayne Blackshear
12.6%
2018Eric Paschall
11.9%
2014DeAndre Daniels
9.2%
2001Casey Sanders
8.7%
2000A.J. Granger
8.3%
2011Tyler Olander
7.6%
2003Kueth Duany
7.5%
2005Jackie Manuel
7.3%
2002Byron Mouton
7.3%
2003Craig Forth
6.3%
2014Niels Giffey
5.1%
2000Andre Hutson
4.5%
2014Philip Nolan
4.4%

You're not logged in!

Compare scores with friends on all Sporcle quizzes.
OR
Log In

You Might Also Like...

Show Comments

Extras

Top Quizzes Today


Score Distribution

Your Account Isn't Verified!

In order to create a playlist on Sporcle, you need to verify the email address you used during registration. Go to your Sporcle Settings to finish the process.

Report this User

Report this user for behavior that violates our Community Guidelines.

Details: